000
00319nam a22001337a 4500
008
181204b xxu||||| |||| 00| 0 eng d
020
_a
0132154188
041
_a
eng
080
_a
004
100
_a
28
101
_a
SHK
245
_a
Discrete Mathematical Structures for Computer Science
_c
Kolman,B
942
_2
udc
_c
BK
999
_c
52783
_d
52783